| 000 | 01644cam a2200325 a 4500 | ||
|---|---|---|---|
| 001 | 3978438 | ||
| 003 | OSt | ||
| 005 | 20211006123902.0 | ||
| 008 | 950323s1995 dcuab bs 000 0 eng | ||
| 020 | _a1569730296 | ||
| 040 |
_aDLC _cCO-JMCR _dDLC |
||
| 041 | 0 | _aeng | |
| 082 | 0 | 0 |
_a382.41098 / _bT531b _223 |
| 100 | 1 |
_aThrupp, Lori Ann. _eauthor _940968 |
|
| 245 | 1 | 0 |
_aBittersweet harvests for global supermarkets : _bchallenges in Latin America's agricultural export boom / _cLori Ann Thrupp, Gilles Bergeron and William F. Waters. |
| 246 | 3 | _aBitter sweet harvests for global supermarkets | |
| 260 |
_aWashington, D.C., U.S.A. : _bWorld Resources Institute, _c1995. |
||
| 300 |
_axii, 202 pages : _bIllustrations and graphics in black and white ; _c23 cm. |
||
| 504 | _aIncludes bibliographical references : pages 165-202. | ||
| 505 | 0 | _aThe Political-Economic Context of Agricultural Development. -- The Rise of New Agroexport Strategies: Policies, Markets, and Institutional Conditions. -- A Profile of Current Agroexport Systems. -- Impacts of NTAE Growth: Promises and Problems. -- Avoiding Adverse Effects and Increasing Benefits of NTAES. -- Discussion and Implications. | |
| 650 | 0 |
_aProduce trade _zLatin America. _940969 |
|
| 650 | 1 | 4 |
_aFloriculture _zLatin America. _940970 |
| 650 | 2 | 4 |
_aExports _zLatin America. _940971 |
| 650 | 2 | 4 |
_aAgriculture and state _zLatin America. _940972 |
| 650 | 2 | 4 |
_aSustainable agriculture _zLatin America. _940973 |
| 650 | 2 | 4 |
_aAgriculture _xEconomic aspects _zLatin America. _940974 |
| 700 | 1 |
_aBergeron, Gilles. _eauthor _940975 |
|
| 700 | 1 |
_aWaters, William F. _eauthor _940976 |
|
| 942 |
_2ddc _cBK |
||
| 999 |
_c12593 _d12593 |
||